Nommer les 10 premiers pays producteurs de pétrole - Statistiques

Statistiques générales
  • Ce quiz a été pris 231 fois
  • Le résultat moyen est 7 sur 10
Statistiques - réponses
Millions de b/j Réponse % Correct
19,51 Etats Unis
93%
11,81 Arabie Saoudite
90%
11,49 Russie
86%
4,89 Chine
74%
4,01 Emirats Arabes Unis
72%
3,19 Iran
69%
4,74 Irak
66%
5,50 Canada
61%
3,67 Brésil
48%
2,94 Koweït
38%
Aucun quiz correspondant
Distribution des résultats
% des personnes avec chaque résultat
Percentile par nombre de réponses
Votre historique - résultats
Vous n’avez pas pris ce quiz